Lyrics - Phineas und Ferb Intro deutsch - Statistiken

Allgemein
  • Dieses Quiz wurde 247 mal gespielt
  • Das Durchschnittsergebnis liegt bei 101 aus 138
Antwortstatistiken
Antwort % Korrekt
Es
98%
es
98%
(Es
98%
und
95%
Wir
95%
gibt
94%
so
94%
die
93%
wird
92%
wird?
92%
ein
91%
Schule
91%
das
90%
wie
90%
ernst
89%
könnten
89%
'ne
89%
was
89%
bis
88%
sechs
88%
beginnt
87%
Wochen
87%
Frage
86%
nicht
85%
Spaß
85%
den
84%
toller
84%
tun
84%
wieder
84%
gar
83%
stellt
83%
sich
82%
entdecken
81%
Eiffelturm
79%
jedes
79%
voller
79%
dass
77%
Ferb
77%
Jahr
76%
neues
76%
(Phineas!)
76%
Phineas
76%
Affen
75%
an
75%
hinauf
74%
Mumien
74%
spazieren
74%
geht
73%
gut
72%
Sommerferientage
71%
nen
69%
Weltall
69%
zu
69%
fliegen
68%
mit
68%
erschrecken
67%
euch
67%
wie's
67%
zeigen
67%
einem
66%
ins
66%
weiter
65%
basteln
63%
Frankensteins
63%
dann
62%
Vorspann!
62%
Mom
60%
denn
59%
einshampoonieren
59%
operieren
59%
Schwester
59%
gehen
58%
ist
58%
Menge
58%
Wellen
58%
Hirn
57%
reiten
57%
gibt's
55%
Bart
54%
schaut
53%
seht
53%
ihr
52%
auf
51%
hier!)
48%
Strom
46%
Licht
45%
ganzes
43%
sehen
43%
Bergen
42%
Vögel
42%
hantieren
41%
Land
41%
anmalen
40%
Drum
40%
drum
39%
(Komm
33%
Perry!)
30%
(hey!)
26%
ausstaffieren
12%
Keine übereinstimmenden Quizze gefunden
Verteilung der Resultate
Anzahl Personen mit jedem Resultat
Perzentil nach korrekt beantworteten Fragen
Ihre Resultats-Entwicklung
Sie haben dieses Quiz noch nicht gespielt